[Event "MeaEXKNSBCup-Gambit 18-12"]
[Site "MeaEXKNSBCup-Gambit 18-12"]
[Date "1997.??.??"]
[Round "?"]
[White "Witt, R."]
[Black "Goldberg, M."]
[Result "1-0"]
[WhiteElo "2210"]
[BlackElo "1960"]
[PlyCount "73"]

1. Nf3 Nc6 2. c4 e5 3. Nc3 f5 4. d4 e4 5. Ng5 Bb4 6. Nh3 Nf6 7. Bg5 h6 8. Bxf6
Qxf6 9. e3 O-O 10. Nf4 Bxc3+ 11. bxc3 d6 12. h4 Ne7 13. h5 Bd7 14. Qb3 Rab8 15.
Be2 c5 16. g3 Kh7 17. Kf1 Rg8 18. Rb1 b6 19. Qa3 Rb7 20. Kg2 Bc8 21. Bd1 g5 22.
hxg6+ Nxg6 23. Nh5 Qg5 24. Kf1 Rf7 25. Qc1 Ba6 26. Be2 Rd8 27. Qc2 d5 28. cxd5
Bxe2+ 29. Qxe2 Rxd5 30. Rb5 Rfd7 31. a4 Ne5 32. dxe5 Rd2 33. Nf6+ Kg6 34. Qc4
Rxf2+ 35. Kxf2 Rd2+ 36. Kf1 Rd1+ 37. Ke2 1-0

[Event "Witte Paard-Euwe "]
[Site "Amsterdam"]
[Date "1999.11.13"]
[Round "3"]
[White "De Saegher, Rob"]
[Black "Witt, Chris"]
[Result "0-1"]
[WhiteElo "2281"]
[BlackElo "2155"]
[Annotator "Witt"]
[PlyCount "66"]

1. d4 Nf6 2. Nf3 e6 3. c4 b6 4. g3 Ba6 5. b3 d5 6. Bg2 Bb4+ (6... dxc4 $5 7.
Ne5 Bb4+ 8. Kf1 Bd6 9. Nxc4 Nd5) 7. Bd2 Bd6 8. Nc3 Nbd7 9. O-O O-O (9... dxc4
$5 10. Ne5 Nxe5 11. dxe5 Bxe5 12. Bxa8 Qxa8 13. bxc4 Qc6 $1) 10. e4 {[Ik heb
serieus gekeken naar 10...Le7 11.e5 Pe8; waar ik vond het toch wat genant
tegenover mijn teamgenoten.]} dxe4 11. Ng5 Be7 12. Ncxe4 Rb8 13. Qc2 Nxe4 $2 (
13... h6 $1 14. Nxf6+ Nxf6 15. Nf3 $11) 14. Nxe4 Nf6 15. Rad1 $1 Bb7 16. Bf4
Nh5 {[Riskant, maar ik wilde vervlakking vermijden.]} 17. Bc1 Qd7 18. Rfe1 Rfd8
19. d5 (19. a3 $5) 19... exd5 20. Nc3 {Dit kwam als een aangename verrassing
want het leek me niet bijzonder goed.} d4 $2 {Moeilijk te zien waarom dit niet
goed is. Ik dacht zelfs dat ik nu beter stond, maar ik het een en ander gemist.
Gelukkig mijn tegenstander nog meer.]} (20... Nf6 $11) 21. Bxb7 Rxb7 (21... d3
$6 22. Qb1 Rxb7 23. Nd5 Bd6 24. Qxd3 $18) 22. Nd5 Bf6 23. Qe4 {[Deze stelling
hadden beiden voor ogen. Wit was tevreden omdat hij niks zag tegen de dreiging
g4 met stukwinst. En zwart omdat hij had gezien dat g4 niet gevaarlijk was.} c6
24. Nb4 Rc7 {# De enige zet maar het kostte me toch 20 van mijn resterende 23
minuten omdat ik ineens schrok van de mogelijkheden 25.Pa6 en 25.Df3 die me
bij debeslissing 20...d4 niet waren opgevallen.]} 25. g4 $2 {[Gelukkig. De
Saegher had ''uitgerekend'' dat dit in alle varianten won en hij speelde dit
vlot.]]} Be7 26. Qxe7 $4 {Vreselijk. Bij de vooruitberekening stond pion g4
nog op g3 en is dit inderdaad winnend na 28....De7 29.Te7 Te7 30.Pc6. Het
enige was denk ik 28.Pc6 en 29.gh5 en zwart staat goed.]} Qxg4+ 27. Kf1 Rxe7
28. Nxc6 Rxe1+ 29. Rxe1 Qh3+ 30. Kg1 Qc3 31. Kf1 Rf8 32. Ba3 Qd3+ 33. Kg1 Qg6+
0-1

[Event "Eijgenbrood"]
[Site "?"]
[Date "1999.10.31"]
[Round "6"]
[White "Jolles, Hajo"]
[Black "Witt, Rob"]
[Result "0-1"]
[WhiteElo "2107"]
[BlackElo "2155"]
[Annotator "Witt"]
[PlyCount "124"]

{Ik had me mentaal ingesteld op 1.e4 speler Wunnink. Tot mijn verrassing werd
het Jolles die 1.c4 opent en nu voor de vierde keer wit had. Ik had een
kwartier om mijn strategie te bepalen. Jolles is een goede speler met een
solide stijl. Zijn zwakke punt is dat hij nerveus wordt bij opkomende tijdnood
en in de tijdnoodfase zelf nogal eens de draad kwijtraakt. Het moest dus een
langzame opening worden waarbij ik twijfelde tussen het drierijensysteem of de
Maroczy. Omdat de Maroczy minder vaak voorkomt, leek me dit de beste keus.
Bovendien had ik vorige maand hiermee nog ervaring opgedaan tegen Afek toen ik
met wit niks bereikte.} 1. c4 c5 2. Nf3 Nc6 3. d4 cxd4 4. Nxd4 g6 5. e4 Bg7 6.
Be3 Nf6 7. Nc3 d6 8. Be2 O-O 9. O-O Bd7 10. Qd2 Nxd4 11. Bxd4 Bc6 12. f3 a5 13.
Rab1 Nd7 14. Be3 {! Tegen Afek speelde ik in soortgelijke stelling zwakker
Lxg7.} Nc5 15. Rfc1 Qb6 16. Rc2 Rfc8 17. b3 Qd8 18. Bf1 {Ik begon me hier
ernstig zorgen te maken. Hajo had al deze zetten vlot uit zijn mouw geschud en
lijkt niet in tijdnood te gaan komen. Hij wist duidelijk wat hij aan het doen
was, terwijl ik geen flauw benul had wat zwart hier voor plan moet volgen. Na
de partij vertelde Hajo dat hij in zijn laatste 8 witpartijen 5x tegen de
Maroczy gespeeld had. Ik besloot voorlopig af te wachten.} Rab8 $6 (18... Be5
$5) 19. Qf2 b6 20. a3 Nd7 $6 {Waarschijnlijk is 20....h6 beter om een later
Lg5 te verhinderen.} 21. Rbc1 {De bedoeling van deze diepzinnige zet ontging
me op dat moment. Wil wil zijn paard dekken en met de andere toren naar de
a-lijn die binnenkort open komt.} Nc5 {h6!?} 22. b4 axb4 23. axb4 Nd7 $6 (23...
Na4 $5) 24. Ra2 $1 Ra8 25. Rxa8 Rxa8 26. Nd5 {Het is duidelijk dat zwart grote
problemen heeft. Zowel pion b6 als e7 baren zorgen en ruil op d5 is vrijwel
altijd slecht.} Ra4 $6 {Veel beter was direct 26...Ta3!} 27. Rb1 Ra3 {
Kennelijk werd Hajo verrast door deze zet, want hij begon vanaf nu zeer veel
tijd te gebruiken. Ik voelde dat hij niet op b6 zou slaan omdat dat alleen kan
ten koste van de loper waarna zwart enige compensatie heeft.} 28. Bg5 $1 Bf8
29. Qh4 f6 30. Bc1 {Dit zou met de toren nog op c1 niet mogelijk geweest zijn.}
Ra2 31. Be3 $2 (31. Qh3 $1) 31... e6 32. Nf4 Qe7 33. Qh3 f5 {Ik zag dat het
veranderde stellingsbeeld mijn tegenstander in verwarring bracht en hij
verbruikte nu het merendeel van zijn bedenktijd.} 34. c5 $2 {Het goede idee
maar in een foute uitvoering. Hij wil natuurlijk met de loper op c4 komen maar
daartoe had hij moeten beginnen met eerst 34.b5!} (34. b5 Ba8 {gedwongen} 35.
c5 $1 Ra3 $1 36. Bc1 $2 Bxe4 $1 37. Bxa3 Bxb1 38. c6 Nc5 {Op deze stelling had
ik vertrouwd. Er zit nog de volgende fraaie variant in:} 39. Bxc5 dxc5 40. Bc4
Qd6 41. c7 {lijkt winnend} Qd4+ 42. Kf1 Qxc4+ 43. Ne2 Bd3 44. c8=Q Qa2 $1 {
en zwart wint! Wit kan echter beter spelen. I.p. v. 36. Lc1? kan wit 36.Te1!
spelen. Ik weet niet zeker wat nu het beste is. Wellicht is 36...Lg7 speelbaar
maar het veiligste lijkt 36...bc5 37.ef5 gf5 met onduidelijk spel.}) 34... b5
$1 {Na dit eenvoudige antwoord staat wit slecht.} 35. Rd1 dxc5 36. bxc5 Qf6 (
36... Qe8 $1 {was nog lastiger voor wit.}) 37. exf5 exf5 38. Kh1 $2 (38. Nd3 $5
{is veel taaier en zou niet gekund hebben na 36...De8!}) 38... Ra1 $19 39. Rxa1
Qxa1 40. Kg1 Bxc5 $2 {40....De5 was direct winnend bijv.} (40... Qe5 41. Kf2
Bxc5 42. Bxc5 Qxc5+ 43. Kg3 Qc1 44. Qh6 Qe1+ 45. Kh3 Bxf3 $1 {Ook 40...b4 was
beter dan de tekstzet.}) 41. Bxc5 Nxc5 42. Qh4 Qd4+ 43. Qf2 (43. Kh1 $2 Nd3 $1
$19) 43... Qxf2+ 44. Kxf2 Kf7 {Dit eindspel is minder makkelijk dan het lijkt,
maar in de uitvluggerfase loopt het soepel voor zwart.} 45. Ke3 Ke7 46. Kd4 Kd6
47. h4 Be8 48. g4 Bc6 49. Be2 Bd7 50. g5 Bc6 51. Bd1 b4 52. Kc4 b3 53. Bxb3
Nxb3 54. Kxb3 Ke5 55. Nd3+ Kd4 56. Kc2 Ke3 57. Ne5 Bxf3 58. Nd7 Be2 59. Nf8 f4
60. Nxh7 f3 61. h5 gxh5 62. Kc3 f2 0-1

[Event "KNSB-cup"]
[Site "?"]
[Date "2000.11.09"]
[Round "1"]
[White "Witt, Rob"]
[Black "Beukema"]
[Result "1-0"]
[WhiteElo "2226"]
[BlackElo "1962"]
[PlyCount "120"]

1. d4 Nf6 2. c4 c5 3. d5 b5 4. cxb5 a6 5. bxa6 Bxa6 6. Nc3 d6 7. Nf3 g6 8. g3 {
Deze opstelling speelde ik voor het eerst tegen Hajo Jolles in de laatste
ronde van het SGA-kampioenschap. Ik was toen gespireerd door een mooie partij
van Piket tegen Topalov. Gezien het succes toen besloot ik het weer te spelen.}
Bg7 9. Bg2 O-O 10. O-O Nbd7 11. Rb1 Qa5 {Tegen Jolles volgde Pb6 gevolgd door
Ta7 en Da8 wat Topalov ook speelde.} 12. Qc2 Rfb8 {Hier werd ik toch door
enige twijfel bevangen. Was het in een teamwedstrijd tegen een zwakkere speler
wel verstandig om deze opening te spelen. Zwart doet allemaal gemakkelijke
zetten en gebruikt weinig tijd. Maar ik had besloten net te doen of ik tegen
een meester zat te spelen. Daar leer je het toch het meeste van.} 13. Nd2 {
Geen idee of dit de beste zet is. Maar na 11' nadenken besloot ik maar gewoon
een fatsoenlijke zet te doen.} Ra7 14. b3 c4 $5 {Een interessante zet waar
zwart een half uur over nagedacht had en dat gaat zich later wreken. Het is
ook niet praktisch. Het valt niet uit te rekenen, je speelt hem of je speelt
hem niet.} 15. bxc4 Rxb1 16. Ncxb1 Rc7 17. Qb3 Nb6 18. Na3 Nfd7 19. Rd1 Ne5 20.
e4 Qc5 21. Bh3 {Ik weet niet of dit de beste is maar ik zocht een zet waarna
zwart niet op c4 kon slaan wegens problemen met de onderste rij.} Bc8 $2 22.
Bxc8 $2 (22. Nb5 $1 Bxh3 23. Ba3 {is natuurlijk een Fritzvariant waar ik geen
seconde aan gedacht heb.}) 22... Rxc8 23. Bb2 (23. Kg2 Nbxc4 24. Naxc4 Nxc4 25.
Nxc4 Qxc4 26. Qxc4 Rxc4 27. Kf3 {Met een beter eindspel maar zeker niet
makkelijk.}) 23... Ng4 (23... Nbxc4 24. Ndxc4 Nxc4 25. Rc1 $16) 24. Rf1 Bh6 {
Zwart nog 5'en wit nog 22' voor 11 zetten.} (24... Bxb2 25. Qxb2 Ra8 {was
sterker.}) 25. Qc3 f6 26. Nb3 Qc7 27. Bc1 Bg7 28. Nd2 Na4 29. Qb4 Nc5 30. Nb5
Qd7 31. Qb1 Ne5 32. Nd4 Qh3 33. f4 Ned3 34. N2b3 $6 (34. Nc6 {was sterker,
maar ik wilde zo snel mogelijk stukken ruilen.}) 34... g5 $2 {Tijdnoodzet} ({
Beter was} 34... f5 {waarop ik} 35. e5 dxe5 36. Nxc5 {van plan was.}) 35. Nxc5
Nxc5 36. Nb3 {Tijdnood voorbij.} ({Onbegrijpelijk dat ik hier niet het sterke} 
36. Nf5 {speelde. Ik had echter een ontzettende pijn in mijn nek gekregen
waarschijnlijk door de tijdnoodspanning en verlangde naar het einde van de
partij.}) 36... f5 37. exf5 Nxb3 38. Qxb3 Qxf5 39. fxg5 Qe4 40. Be3 Qxc4 {
Vanaf hier heeft wit nog 14' en zwart nog 10' voor de rest van de partij.} 41.
Rc1 $1 Qa6 42. Rc6 Qa8 43. Rxc8+ Qxc8 44. a4 Bc3 45. Qc2 Qc4 46. Qf5 $6 {
a tempo gespeeld maar veel sterker was} (46. g6 $1 hxg6 47. Qxg6+ Bg7 48. Bh6
Qd4+ 49. Kg2 Qxd5+ 50. Kh3 $18) 46... Bg7 47. a5 Qc3 48. Qe6+ Kf8 49. h4 $2 {
Ik blijf goed staan maar de winst wordt wel steeds moeilijker. Eerlijk gezegd
zat ik hier meer op tijd te spelen dan dat ik me in de stelling verdiepte.} (
49. g6 $1 Qe1+ (49... hxg6 50. Bg5 $1) 50. Kg2 hxg6 51. Bh6 {was het sterkst.})
49... Qxa5 50. Kg2 Qe1 51. Qf5+ Kg8 52. Qe4 Qe2+ 53. Kh3 Qf1+ 54. Kg4 Qe2+ 55.
Qf3 Qxf3+ $2 {Zwart moet natuurlijk de dames op het bord laten maar hij had
bijna geen tijd meer. Vanaf nu is de winst geen probleem.} 56. Kxf3 Kf7 57. h5
e6 58. Ke4 exd5+ 59. Kxd5 Be5 60. g4 (60. Bf4 $1 {was wel zo eenvoudig geweest,
zoals Paul Janse na afloop aangaf.}) 60... Ke7 {Vanaf hier weet ik de zetten
niet meer maar de winst was geen probleem.} 1-0

[Event "Match SGA kamp."]
[Site "MyTown"]
[Date "2001.01.17"]
[Round "1"]
[White "Witt, R."]
[Black "Luberti, W."]
[Result "0-1"]
[WhiteElo "2226"]
[BlackElo "2233"]
[Annotator "Witt"]
[PlyCount "76"]

{Vorig jaar werden Luberti en ik gedeeld eerste bij het SGA kampioenschap. We
deelden de titel en zouden evt. een match spelen als de 1/2 finales NK zouden
doorgaan en we allebei mee wilden doen. Het is zover, er zijn 1/2 finales in
Leeuwarden en in een korte match van 2 partijen met eventueel daarna rapid/
vluggertjes bij 1-1, zal ik Luberti moeten verslaan. In de troosteloze
ambiance van sv Tal (14 spelers in een enorme zaal) in het barre Osdorp had de
eerste partij een voor mij al even troosteloos verloop.} 1. d4 g6 2. e4 Bg7 3.
c3 d5 {Gebruikelijk is 3...d6. Maar Luberti speelt dit vaker en in onze partij
bij het SGA-kampioenschap was dit ook op het bord gekomen.} 4. Nd2 c6 {In onze
vorige partij volgde zwakker 4...de4 5. Pe4 Pd7 6.Pf3 b6 7. Lc4 en zwart stond
binnen de kortste keren verloren, al wist ik dat, zoals meestal tegen Luberti,
niet in winst om te zetten.} 5. Bd3 Nd7 6. Ngf3 Nh6 7. O-O O-O 8. Re1 Nf6 {
Creatief gespeeld door zwart. Ik staarde hier een kwartier naar de stelling
zonder dat ik tot een duidelijke conclusie kwam. Ook achteraf zou ik niet
weten wat het beste plan voor wit is.} 9. e5 Nh5 $6 {gezonder lijkt me 9....Pe8
} 10. Nf1 f6 11. h3 {Dit kostte me ook weer ruim 20 minuten zonder dat ik
zeker wist of dit wel het beste was.} f5 {Merkwaardig. Luberti had geen f7-f5
gespeeld omdat hij en passant slaan vervelend vond. Hij speelde dus f6 in de
hoop dat ik de dreiging f6-f5 zou overzien. En ik speelde juist h3 om hem tot
f5 te verleiden. Wie heeft er gelijk?} 12. N3h2 $6 {Deze en de volgende zetten
had ik gepland maar wellicht nog sterker was} (12. Ng5 $1 {omdat} f4 $2 {
nu faalt op} 13. Nxh7 Kxh7 14. Qxh5 Bf5 15. Bxf5 Rxf5 16. Qf3 {In onze vorige
partij had ik ook al een wending met Pxh7 gemist.}) 12... f4 13. Be2 Qe8 14.
Bg4 Kh8 {Ik had het idee dat ik hier beter moest staan al zag ik niet precies
waarom. Ook had ik hier al de helft van mijn tijd gebruikt zonder al te veel
te zien dus besloot ik maar wat sneller te spelen. Luberti vond trouwens dat
hij hier minstens gelijk stond.} 15. g3 $2 {Jammer. Met rustige zetten als a4,
b3, La3, Pd2 kan ik rustig mijn stelling versterken zonder dat zwart daar veel
tegenover kan stellen.} Qf7 16. Qe2 $2 {Ik overzie hier zwarts 17e zet anders
had ik hier wel eerst 16.e6 gespeeld waarna ik nog steeds beter sta.} fxg3 17.
fxg3 Bf5 18. Bg5 $2 {Weer een slechte. Beter was} (18. Bxf5 gxf5 19. Nf3 e6 20.
b3 {met gelijke kansen.}) 18... e6 19. Qe3 Be4 20. Bxh5 $2 {En weer een hele
slechte na zwarts verrassende vorige zet.} (20. Nd2 Nf5 $2 {hier was ik ten
onrechte bang voor maar na} 21. Bxf5 gxf5 22. Nxe4 {staat zwart zeker niet
beter.}) 20... gxh5 21. Nd2 Nf5 {Ik had het idee dat ik nu verloren stond maar
misschien valt dat nog mee.} 22. Qf2 (22. Qf4 Qg6 23. Nxe4 dxe4 {met de
vervelende dreiging Pxd4 bijv.} 24. Rad1 Nxd4 25. Bf6 Nf5 $17) 22... Qg6 23.
Bf4 $2 {Ik zag werkelijk niks meer in deze stelling. Na} (23. Nhf3 {kan wit
nog vechten.}) 23... Nxg3 $1 $19 {De rest is een slachting.} 24. Qxg3 Rxf4 25.
Nxe4 dxe4 26. Re3 $2 ({Taaier was} 26. Qxg6 hxg6 27. Re2 Raf8 28. Rae1) 26...
Qf5 27. Kh1 Bh6 28. Rg1 Rf2 29. Ree1 Rf8 30. Rg2 e3 31. Rxf2 exf2 32. Rf1 Qe4+
33. Qg2 Qe2 34. h4 Be3 35. Qh3 Rg8 36. Nf3 Rg4 37. b4 Bf4 38. Nh2 Rg3 {Ik
feliciteerde mijn tegenstander en gedeprimeerd begon ik aan de barre terugreis
met het openbaar vervoer van Osdorp naar Oost. Donderdag 18 januari is bij
Euwe de 2e matchpartij.} 0-1

[Event "Match SGA Kamp."]
[Site "?"]
[Date "2001.01.18"]
[Round "2"]
[White "Luberti, W."]
[Black "Witt, R."]
[Result "0-1"]
[WhiteElo "2233"]
[BlackElo "2226"]
[Annotator "Witt"]
[PlyCount "106"]

{Deze 2e matchpartij moest gewonnen worden omdat ik de eerste had verloren. Ik
had iets voorbereid tegen 1.e4. Zou ik deze keer iets aan mijn voorbereiding
hebben?} 1. g3 $1 {Nee natuurlijk niet, want ik krijg nooit voorbereide
varianten op het bord. Nu moest ik iets bedenken om uit zijn voorbereiding te
blijven. In ieder geval geen e5 en d5 want dan speelt hij zijn geliefde modern
defence met een tempo meer. Ook niet iets met c5 en g6 want dat speelt
iedereen. Ik besloot te streven naar een Tarraschopstelling waar ik in het
verleden enige ervaring mee heb opgedaan en Luberti hopenlijk niet. De enige
manier om dat met wit te ontwijken is een opstelling met d3, maar als hij dat
graag wil, had hij wel 1.e4 geopend waarna hij zowel na het Frans als het
Siciliaans een d3 opstelling kan innemen. Tevreden over deze bespiegelingen
antwoordde ik na 5 minuten} d5 2. Bg2 c5 3. Nf3 Nc6 4. c4 e6 $1 {Ik geef hem
natuurlijk geen kans om na 4....d4 een benoni in de voorhand te spelen.} 5. O-O
Nf6 6. cxd5 exd5 7. d4 Be7 8. dxc5 {Gebruikelijker is 8.Pc3 0-0 9.Lg5. Luberti
gaf na afloop toe geen enkele ervaring met de Tarrasch te hebben.} Bxc5 9. Nbd2
$6 {Een mindere variant, betere kansen op voordeel biedt 9.Lg5} O-O 10. Nb3 Bb6
11. Bf4 $6 {Beter 11.Lg5} Re8 12. Qd3 Bg4 13. Rac1 Qe7 {Verbruikte jd: wit 50';
zwart 23'. Het tempo is 35 zetten in 1,5 uur + 15' uitvluggeren. Het is
inmiddels duidelijk dat mijn openingsopzet geslaagd is. Wit voelt zich
duidelijk niet thuis in deze stelling.} 14. e3 h6 15. h4 Rad8 {Ik had het l
dat deze normaalzet niet de sterkste was. Maar ik merkte ook dat ik niet goed
in staat was om de gevolgen van bijv. 15....Pb4 uit te rekenen. Totaal gebrek
aan vorm dus en dan is het zaak zoveel mogelijk normale zetten te doen.} 16.
Nfd4 Ne5 $2 {Een vreselijke zet die in 1 klap het zwarte voordeel weggeeft. Ik
snap nog niet waarom ik hier wit de kans geef om zo makkelijk van zijn
probleemloper af te komen.} (16... Nxd4 17. Nxd4 Nh5 {was eenvoudig en sterk.})
17. Bxe5 Qxe5 {59'/37'} 18. a4 a6 19. a5 Ba7 20. Nc5 Qe7 {over 26'/49' Ik
begon hier te beseffen dat het een hele klus zou worden om deze gelijke
stelling in winst om te zetten.} 21. b4 Ne4 22. Ndb3 Bf5 23. Qd4 Bb8 {over 21'/
44. Er waren vele redelijke alternatieven zoals 23....Pxc5 en 24....Le4 of
misschien 23....Ld7 en 24....Lb5 en ook bijv. 23....Pf6 leek me niet slecht,
maar ik besloot op gevoel tot de tekstzet.} 24. Nd3 Nd6 $2 {20'/22'. Ik had
hier de helft van mijn tijd verdaan met het rekenen aan offers op g3. Mijn
conclusie was uiteindelijk dat die niks concreets opleverden en dat 24....Pf6
of 24....Lg6 de beste zet was. Ik speelde echter de tekstzet op basis van een
lange variant waar geen bal van klopte.} (24... Nf6) (24... Nxg3) (24... Bxg3
$5 25. fxg3 Nxg3 26. Rf2 Be4 27. Ndc5 Nf5 28. Qd2 Nxh4 {was best interessant
en kansrijk geweest maar ik kon het allemaal niet overzien.}) 25. Nf4 Nb5 26.
Nxd5 Qe6 27. Qd2 Be4 28. Bxe4 Qxe4 29. Rfd1 Nc7 $2 30. Rxc7 $2 {Hier had ik
niet eens naar gekeken maar veel erger is dat wit bijna op winst staat na} (30.
Nf6+ gxf6 31. Qxd8 Rxd8 32. Rxd8+ Kg7 33. Rxb8 $18 {Dit had ik wel bekeken
maar ik dacht dat ik materiaal voor bleef.}) (30. Nxc7 Rxd2 31. Rxd2 $17 {
was de lange variant die ik op zet 24 had uitgerekend maar zelfs dit klopt
niet na} (31. Nxd2 $1 $18)) 30... Bxc7 31. Nc5 {13'/15' ik stond nu voor een
lastige keus en besteedde daar 11' aan.} Qf3 32. Nxb7 Bxg3 ({Ik had hier
zowaar gezien dat ik remise kon maken met} 32... Rxe3 $1 33. fxe3 (33. Nxd8 $2
Re2 34. Ne7+ Kf8 35. Ne6+ Kxe7 36. Qd7+ Kf6 $17) 33... Qxg3+ 34. Qg2 Rxd5 35.
Rxd5 Qe1+ 36. Qf1 Qg3+ {Een mooie variant die echter de match verliest. Dan
maar een slechte en hopen op de uitvluggerfase.}) 33. fxg3 Rb8 (33... Rxe3 {
is opnieuw de beste maar maakt slechts remise.}) 34. Nc5 Qxg3+ 35. Qg2 Qxh4 {
Tijdnood voorbij. Wit staat beter. Toch had ik het gevoel dat de stelling
genoeg rommelkansen bood om op winst te mogen hopen. Wit heeft nu 22'en zwart
15' voor de rest van de partij.} 36. Nd7 $2 {Snel gespeeld in de
veronderstelling dat dit direct winnend is door de dubbele dreiging Pxb8 en
Pf6+. Sterkerwas} (36. Nxa6 Re6 37. Nxb8 Rg6 38. Nf4 Rxg2+ 39. Nxg2 Qxb4 40.
Rd8+ Kh7 41. a6 $16) 36... Re6 $1 {De enige zet en ik heb mazzel dat dit er in
zit.} 37. Rd4 (37. Nxb8 Rg6 38. Rd4 Qe1+ 39. Kh2 Rxg2+ 40. Kxg2 {was denk ik
beter geweest. Volgens Fritz zijn de kansen gelijk.}) 37... Qe1+ 38. Kh2 Rc8
39. Rg4 Kh8 $1 {A tempo gespeeld en door wit overzien. We hadden inmiddels
allebei nog 8' en ik was ervan overtuigd dat ik ging winnen hoewel de stelling
dit niet rechtvaardigt. Wit heeft het echter veel moeilijker dan zwart door
zijn onzekere koningsstelling.} 40. Nc5 {?! Ligt voor de hand en ik had het
ook verwacht maar veiliger was 40.Tg3=} Re5 41. Nf4 Qxe3 42. Ncd3 $6 (42. Nh3
$5) 42... Re4 $2 {Dit was bedoeld als valstrik waar wit gelukkig niet
"intrapt".} ({Na} 42... Rf5 {heeft zwart goede winstkansen}) 43. Rg3 $2 ({
Mijn bedoeling was} 43. Ng6+ fxg6 44. Qxe4 Rc2+ {en mat binnen enkele zetten.
Ik neem aan dat Luberti ook zoiets dacht maar dat mat blijkt er helemaal niet
in te zitten.} 45. Kh1 Qh3+ 46. Kg1) 43... Qd4 $19 {deze stelling is niet te
spelen voor wit met nog enkele minuten op de klok.} 44. Qd2 Rce8 45. Rg2 Re3 (
45... g5 $1 {was nog sterker}) 46. Qb2 R8e4 47. Qxd4 Rxd4 48. b5 (48. Rg3 Rxg3
49. Kxg3 g5 $19) (48. Rb2 g5 49. Nc5 Rxf4 50. Nxa6 {was relatief nog het beste
maar verliest ook.}) 48... axb5 49. Ra2 Rdxd3 50. Nxd3 Rxd3 51. a6 Rd8 52. Kg3
Ra8 53. Kf4 b4 {Ik moet zeggen, een bloedstollende partij waarbij mij enig
geluk niet ontzegd kan worden. Maandag wordt geen beslisingspartij gespeeld
zoals in EOL stond maar volgen twee rapidpartijen. Bij 1-1 vervolgens twee 10'
vluggertjes, dan bij 1-1 twee 5' vluggertjes en als het dan nog gelijk staat
sudden death vluggertjes. Plaats van handeling is de speelzaal van Het
Probleem. Ik ben nog steeds uit vorm maar ik vertrouw op mijn geluk!} 0-1